[Event "Championnat de France - Open B"]
[Site "VAL D ISERE"]
[Date "????.??.??"]
[Round "2.1"]
[White "Medghoul, Abdel"]
[Black "Ignjatovic, Miroslav"]
[Result "1-0"]
[WhiteElo "1980"]
[BlackElo "1840"]
[PlyCount "89"]

1. d4 Nf6 2. c4 e5 3. d5 Bc5 4. Nc3 d6 5. Nf3 Bf5 6. g3 Nbd7 7. Bg2 Bb4 8. Qb3
Bxc3+ 9. Qxc3 Ne4 10. Qe3 Ndf6 11. h3 h6 12. b3 Qe7 13. Bb2 Bh7 14. O-O O-O 15.
Kh2 Rfe8 16. Ne1 Nc5 17. Nd3 Nxd3 18. exd3 Nd7 19. Rae1 Nc5 20. Rd1 Qf6 21. b4
Na4 22. Ba1 a5 23. f4 exf4 24. Qxe8+ Rxe8 25. Bxf6 fxg3+ 26. Kxg3 gxf6 27. bxa5
Nc3 28. Rd2 Ra8 29. Rc1 Na4 30. Be4 Rxa5 31. Bxh7+ Kxh7 32. Rf1 Nc5 33. Rxf6
Kg7 34. Rdf2 Nxd3 35. Rxf7+ Kg8 36. Rf8+ Kg7 37. R2f7+ Kg6 38. Rxc7 Rxa2 39.
Rxb7 Nc5 40. Rb6 Ne4+ 41. Kf4 Nc5 42. Rxd6+ Kg7 43. Rc8 Nd3+ 44. Ke4 Nf2+ 45.
Kf5 1-0

[Event "Championnat de France - Open B"]
[Site "VAL D ISERE"]
[Date "????.??.??"]
[Round "2.2"]
[White "Ferrieres, Sylvain"]
[Black "Sergent, Marcel"]
[Result "1/2-1/2"]
[WhiteElo "1840"]
[BlackElo "1978"]
[PlyCount "82"]

1. d4 d5 2. c4 e6 3. Nc3 Nf6 4. Bg5 Nbd7 5. e3 c6 6. cxd5 exd5 7. Qc2 Qa5 8.
Bd3 Bb4 9. Nge2 O-O 10. O-O Re8 11. a3 Be7 12. b4 Qd8 13. Rae1 h6 14. Bh4 a5
15. Bxf6 Nxf6 16. Rb1 Bd7 17. Ng3 axb4 18. axb4 Qc7 19. Rfc1 Qb8 20. Nf5 Bf8
21. b5 Qc8 22. bxc6 bxc6 23. Ng3 Bd6 24. Nce2 Ba3 25. Rd1 c5 26. dxc5 Ba4 27.
Qd2 Bxd1 28. Qxd1 Qxc5 29. Nd4 Reb8 30. h3 Rxb1 31. Bxb1 Qc1 32. Qxc1 Bxc1 33.
Nge2 Bb2 34. Kh2 Rb8 35. Bd3 Rb6 36. g4 Ne4 37. Bxe4 dxe4 38. Kg3 Ba3 39. Nc3
Bd6+ 40. Kg2 Bf8 41. Nxe4 Ra6 1/2-1/2

[Event "Championnat de France - Open B"]
[Site "VAL D ISERE"]
[Date "????.??.??"]
[Round "2.3"]
[White "Blot, David"]
[Black "L'Huillier, Jean-Marc"]
[Result "1-0"]
[WhiteElo "1960"]
[BlackElo "1830"]
[PlyCount "45"]

1. e4 g6 2. d4 Bg7 3. Nc3 d6 4. Bg5 h6 5. Be3 Nf6 6. f3 O-O 7. Qd2 Kh7 8. g4
Ng8 9. h4 b6 10. Bd3 Ba6 11. f4 Bxd3 12. Qxd3 e5 13. Nge2 exf4 14. Nxf4 Nd7 15.
O-O-O Re8 16. g5 h5 17. Rhf1 c6 18. Nxh5 gxh5 19. Rxf7 Rf8 20. Rdf1 Rxf7 21.
Rxf7 Qe8 22. e5+ Kh8 23. Qg6 1-0

[Event "Championnat de France - Open B"]
[Site "VAL D ISERE"]
[Date "????.??.??"]
[Round "2.4"]
[White "Perrusset, Barbara"]
[Black "Wagner, Bruno"]
[Result "0-1"]
[WhiteElo "1840"]
[BlackElo "1959"]
[PlyCount "90"]

1. d4 f5 2. c4 Nf6 3. Nc3 g6 4. Nf3 Bg7 5. e3 d6 6. Be2 O-O 7. O-O h6 8. Nd2 e5
9. dxe5 dxe5 10. Nf3 Qe7 11. Nd5 Nxd5 12. Qxd5+ Kh7 13. Rd1 Nc6 14. Qd2 Be6 15.
Rb1 Rad8 16. Qe1 e4 17. Nd2 Nb4 18. a3 Nd3 19. Bxd3 Rxd3 20. b4 Rfd8 21. Bb2
Bxb2 22. Rxb2 Rxa3 23. Ra1 Rxa1 24. Qxa1 a6 25. c5 Qf6 26. Qc1 Rd3 27. Rc2 Qd8
28. Qe1 Ra3 29. Qc1 Qd3 30. h3 f4 31. exf4 e3 32. fxe3 Qxe3+ 33. Kh1 Bxh3 34.
Qf1 Bf5 35. Nc4 Qd3 36. Qxd3 Rxd3 37. Re2 Rd4 38. Re7+ Kg8 39. Ne5 Rxf4 40.
Rxc7 Rxb4 41. Nf7 Be4 42. Nxh6+ Kf8 43. Rf7+ Ke8 44. Rf2 Bd5 45. Rf6 Rh4+ 0-1

[Event "Championnat de France - Open B"]
[Site "VAL D ISERE"]
[Date "????.??.??"]
[Round "2.5"]
[White "Bessat, Remy"]
[Black "Ollier, Pablo"]
[Result "1/2-1/2"]
[WhiteElo "1958"]
[BlackElo "1820"]
[PlyCount "74"]

1. b4 e6 2. Bb2 Nf6 3. a3 d5 4. Nf3 c5 5. bxc5 Bxc5 6. e3 Nc6 7. d4 Bd6 8. c4
O-O 9. Bd3 Re8 10. O-O Bd7 11. Nc3 Rc8 12. Qe2 a6 13. c5 Bb8 14. e4 dxe4 15.
Nxe4 Qe7 16. Nxf6+ gxf6 17. Nd2 Qf8 18. Qh5 Qg7 19. f4 Ne7 20. Rf3 Ng6 21. Raf1
Bc6 22. Be4 f5 23. Bxc6 bxc6 24. Nc4 f6 25. g3 Bc7 26. Bc3 Rcd8 27. R3f2 Re7
28. Qd1 Ree8 29. Qa4 Qd7 30. Rb1 Re7 31. Qxa6 Qd5 32. Na5 Nxf4 33. Qxc6 Nh3+
34. Kf1 Bxa5 35. Qxd5 Rxd5 36. Bxa5 Nxf2 37. Kxf2 Rxd4 1/2-1/2

[Event "Championnat de France - Open B"]
[Site "VAL D ISERE"]
[Date "????.??.??"]
[Round "2.6"]
[White "Bienaime, Pierre"]
[Black "Bacon, Bruno"]
[Result "1/2-1/2"]
[WhiteElo "1950"]
[BlackElo "1800"]
[PlyCount "54"]

1. Nf3 c5 2. b3 Nf6 3. Bb2 g6 4. e3 Bg7 5. c4 O-O 6. d4 cxd4 7. exd4 d6 8. Bd3
Nbd7 9. O-O b6 10. Nbd2 Bb7 11. Re1 Re8 12. Qe2 Rc8 13. Ng5 e5 14. d5 Nh5 15.
Nge4 Nf4 16. Qf1 Nxd3 17. Qxd3 Nc5 18. Nxc5 bxc5 19. Rab1 Rc7 20. Bc3 Rce7 21.
f3 Bc8 22. Qf1 f5 23. Rbc1 Bh6 24. Rc2 Rf7 25. Qe2 Rc7 26. Qf1 Rf7 27. Qe2 Rc7
1/2-1/2

[Event "Championnat de France - Open B"]
[Site "VAL D ISERE"]
[Date "????.??.??"]
[Round "3.1"]
[White "Prodhomme, Boris"]
[Black "Medghoul, Abdel"]
[Result "1-0"]
[WhiteElo "1870"]
[BlackElo "1980"]
[PlyCount "74"]

1. d4 Nf6 2. c4 c5 3. d5 b5 4. cxb5 a6 5. bxa6 Bxa6 6. Nc3 g6 7. Nf3 Bg7 8. g3
O-O 9. Bg2 d6 10. O-O Nbd7 11. Rb1 Nb6 12. b3 Bb7 13. Nh4 Ra6 14. a4 Qa8 15. e4
e6 16. dxe6 fxe6 17. Nb5 Nxe4 18. Nc7 Qd8 19. Nxe6 Qe7 20. Nxf8 Nc3 21. Nfxg6
hxg6 22. Nxg6 Ne2+ 23. Kh1 Bxg2+ 24. Kxg2 Qe4+ 25. f3 Qxg6 26. Qxe2 Qxb1 27.
Qxa6 Qxb3 28. Re1 c4 29. Qb5 Qxb5 30. axb5 d5 31. Re6 Bd4 32. Kf1 Kf7 33. Be3
Bxe3 34. Rxe3 d4 35. Re4 c3 36. Ke2 c2 37. Kd2 d3 1-0

[Event "Championnat de France - Open B"]
[Site "VAL D ISERE"]
[Date "????.??.??"]
[Round "3.2"]
[White "Dupitier, Mickael"]
[Black "Blot, David"]
[Result "0-1"]
[WhiteElo "1860"]
[BlackElo "1960"]
[PlyCount "68"]

1. d4 Nf6 2. c4 g6 3. Nc3 Bg7 4. e4 d6 5. f3 O-O 6. Be3 Na6 7. Qd2 c5 8. Bd3
cxd4 9. Bxd4 Nc5 10. Bc2 a6 11. Nge2 Qc7 12. Be3 Rb8 13. Rc1 Qa5 14. Nd4 Ne6
15. Nb3 Qh5 16. h4 Nc7 17. Bg5 h6 18. g4 Nxg4 19. fxg4 Qxg4 20. Bd1 Qg3+ 21.
Qf2 Qxf2+ 22. Kxf2 hxg5 23. hxg5 b5 24. Nd5 Nxd5 25. cxd5 Bxb2 26. Rc7 e6 27.
Na5 exd5 28. exd5 Bf5 29. Nc6 Rbe8 30. Ne7+ Kg7 31. Rh6 Be5 32. Bh5 Bb1 33. Bg4
Rh8 34. Bf5 Bxf5 0-1

[Event "Championnat de France - Open B"]
[Site "VAL D ISERE"]
[Date "????.??.??"]
[Round "3.3"]
[White "Wagner, Bruno"]
[Black "Pobedonostzeff, Franck"]
[Result "1-0"]
[WhiteElo "1959"]
[BlackElo "1861"]
[Annotator "Mourgues,Joelle"]
[PlyCount "33"]

1. d4 e6 2. Nf3 Nf6 3. Bg5 d5 4. Nbd2 Be7 5. Bxf6 Bxf6 6. e4 g6 7. e5 Bg7 8. h4
h5 9. Bd3 c5 10. c3 Qb6 (10... Nc6 11. Qc2 Ne7) 11. Qc2 Nc6 {#} 12. Bxg6 fxg6
13. Qxg6+ Kf8 14. Ng5 Nd8 15. Rh3 Rh6 16. Rf3+ Ke7 17. Qxg7+ 1-0

[Event "Championnat de France - Open B"]
[Site "VAL D ISERE"]
[Date "????.??.??"]
[Round "3.4"]
[White "Delaruelle, Christian"]
[Black "Giraud, Sylvain"]
[Result "1/2-1/2"]
[WhiteElo "1950"]
[BlackElo "1850"]
[PlyCount "61"]

1. e4 c6 2. d4 d5 3. exd5 cxd5 4. c4 Nf6 5. Nf3 Nc6 6. Nc3 Bg4 7. Be3 e6 8. c5
Be7 9. Bd3 O-O 10. a3 e5 11. Be2 Bxf3 12. Bxf3 e4 13. Be2 Qd7 14. O-O Ne8 15.
Rc1 f5 16. Nxd5 Kh8 17. Nxe7 Nxe7 18. f3 Nd5 19. Qd2 Nef6 20. Bc4 Rfe8 21. f4
Rad8 22. Rfd1 Qc7 23. b4 Ng4 24. Bxd5 Rxd5 25. h3 Nf6 26. Qe2 Rd7 27. Rc2 Nd5
28. Rf1 Red8 29. Rd2 Rf7 30. g3 Qd7 31. Rc1 1/2-1/2

[Event "Championnat de France - Open B"]
[Site "VAL D ISERE"]
[Date "????.??.??"]
[Round "3.5"]
[White "Przymusinski, Nicolas"]
[Black "Montbroussous, Tristan"]
[Result "1-0"]
[WhiteElo "1948"]
[BlackElo "1850"]
[PlyCount "67"]

1. e4 e6 2. b3 d5 3. Bb2 Nf6 4. e5 Nfd7 5. f4 c5 6. Qg4 Nc6 7. Nf3 a6 8. Be2 b5
9. O-O Nb4 10. Na3 d4 11. Ne1 Bb7 12. Nd3 Nxd3 13. Bxd3 h5 14. Qe2 Qc7 15. c3
dxc3 16. dxc3 Qb6 17. c4 b4 18. Nb1 h4 19. h3 O-O-O 20. Nd2 Be7 21. Be4 Rhg8
22. Qf3 Bxe4 23. Nxe4 f5 24. Nd6+ Bxd6 25. exd6 g5 26. Qa8+ Nb8 27. Rad1 Kd7
28. Qf3 g4 29. hxg4 fxg4 30. Qe4 Qc6 31. Qh7+ Kc8 32. Be5 h3 33. Qc7+ Qxc7 34.
dxc7 1-0

[Event "Championnat de France - Open B"]
[Site "VAL D ISERE"]
[Date "????.??.??"]
[Round "3.6"]
[White "Turboust, Roger"]
[Black "Marie, Laurent"]
[Result "0-1"]
[WhiteElo "1845"]
[BlackElo "1944"]
[PlyCount "60"]

1. e4 d5 2. exd5 Nf6 3. Nc3 Nxd5 4. Nxd5 Qxd5 5. Qf3 Qxf3 6. Nxf3 Bf5 7. d3 Nc6
8. Bf4 O-O-O 9. Be2 f6 10. O-O-O e5 11. Be3 Nb4 12. a3 Nd5 13. Bd2 Bc5 14. g3
Bh3 15. Be1 Rhe8 16. Nd2 f5 17. b4 Nc3 18. bxc5 Nxe2+ 19. Kb2 Bg2 20. Rf1 Bxf1
21. Nxf1 Nd4 22. Ne3 g6 23. Bb4 f4 24. Nc4 fxg3 25. hxg3 e4 26. dxe4 Rxe4 27.
Ne3 Rf8 28. Rd2 Nf3 29. Rd5 Re5 30. c4 c6 0-1

[Event "Championnat de France - Open B"]
[Site "VAL D ISERE"]
[Date "????.??.??"]
[Round "3.7"]
[White "Mestdagh, Franck"]
[Black "Deblay, Maxime"]
[Result "1/2-1/2"]
[WhiteElo "1944"]
[BlackElo "1800"]
[PlyCount "53"]

1. d4 d5 2. Nf3 Nf6 3. g3 e6 4. Bg2 c5 5. O-O Nc6 6. c4 Be7 7. Nc3 O-O 8. e3
dxc4 9. Qa4 cxd4 10. Nxd4 Nxd4 11. exd4 Qxd4 12. Be3 Qg4 13. Rad1 e5 14. Nd5
Nxd5 15. Rxd5 c3 16. Qxg4 Bxg4 17. bxc3 Be6 18. Rxe5 Bf6 19. Rc5 b6 20. Rc7
Rfc8 21. Bxa8 Rxc7 22. Bd4 Bxd4 23. cxd4 Rd7 24. d5 Bxd5 25. Bxd5 Rxd5 26. Rc1
g6 27. Rc7 1/2-1/2

[Event "Championnat de France - Open B"]
[Site "VAL D ISERE"]
[Date "????.??.??"]
[Round "3.8"]
[White "Caron, Sebastien"]
[Black "Baudson, Charles"]
[Result "1-0"]
[WhiteElo "1790"]
[BlackElo "1940"]
[PlyCount "83"]

1. e4 e6 2. d4 d5 3. exd5 exd5 4. Bd3 Bd6 5. Nf3 Bg4 6. O-O Ne7 7. Nbd2 Nd7 8.
b3 Bb4 9. Be2 O-O 10. Bb2 c6 11. c3 Bd6 12. Qc2 Bb8 13. Ng5 Bf5 14. Bd3 Bxd3
15. Qxd3 Ng6 16. Ndf3 Nf6 17. Rae1 h6 18. Nh3 Qc7 19. Ne5 Nxe5 20. dxe5 Re8 21.
f4 Ne4 22. c4 Nc5 23. Qe2 a5 24. Nf2 Ba7 25. Kh1 Ne6 26. Qg4 dxc4 27. Ne4 Red8
28. f5 Nd4 29. Nf6+ Kh8 30. Nh5 f6 31. exf6 gxf6 32. Qg6 Rd6 33. Re8+ Rxe8 34.
Qxe8+ Kh7 35. Qg6+ Kh8 36. Re1 Rd8 37. Qxf6+ Kg8 38. Re7 Qxe7 39. Qxe7 Ne6 40.
Qxe6+ Kf8 41. Qf6+ Ke8 42. Qe6+ 1-0

[Event "Championnat de France - Open B"]
[Site "VAL D ISERE"]
[Date "????.??.??"]
[Round "3.9"]
[White "Bazzazi, Abdelaziz"]
[Black "Babakan, Kouros"]
[Result "0-1"]
[WhiteElo "1933"]
[BlackElo "1790"]
[PlyCount "138"]

1. d4 d5 2. c4 dxc4 3. Nf3 Nf6 4. Nc3 Bf5 5. e3 e6 6. Bxc4 c6 7. O-O Bd6 8. Re1
Ne4 9. Nxe4 Bxe4 10. Nd2 Bg6 11. e4 O-O 12. Nf3 Nd7 13. Bg5 Qc7 14. e5 Bb4 15.
Re3 Nb6 16. Bb3 h6 17. Bh4 Be7 18. Bxe7 Qxe7 19. Rc1 Rfd8 20. Bc2 Bxc2 21. Qxc2
Rd5 22. a3 a5 23. g4 Rb5 24. h4 Nd5 25. Re4 f5 26. gxf5 exf5 27. Ree1 Qe6 28.
Kh2 a4 29. Rg1 Rb3 30. Nd2 Rb5 {#} 31. Nc4 Qe7 32. Kh3 Rb3+ 33. Kg2 Qxh4 34.
Kf1 Qh3+ 35. Ke1 Nf4 36. Nd2 Nd3+ 37. Ke2 Nxc1+ 38. Rxc1 Qg4+ 39. Ke1 Rh3 40.
Qc4+ Kh8 41. Nf1 Qe4+ 42. Kd2 Rd8 43. Qe2 Rxd4+ 44. Ke1 Qxe2+ 45. Kxe2 Re4+ 46.
Kd2 Rxe5 47. Ne3 Rh4 48. Kd3 Rb5 49. Rc2 Rb3+ 50. Kd2 Rxe3 51. Kxe3 Re4+ 52.
Kd3 Re5 53. Kd4 Rb5 54. f3 Kh7 55. Re2 h5 56. f4 Kh6 57. Kc3 h4 58. Rg2 h3 59.
Rh2 Rb3+ 60. Kd4 g5 61. Ke5 Rb5+ 62. Kf6 g4 63. Kf7 Kh5 64. Re2 Kh4 65. Kg6 g3
66. b4 h2 67. Re7 Kh3 68. Kg5 h1=Q 69. Rh7+ Kg2 0-1

[Event "Championnat de France - Open B"]
[Site "VAL D ISERE"]
[Date "????.??.??"]
[Round "3.10"]
[White "Gilles, Eric"]
[Black "Aubry, Fabien"]
[Result "0-1"]
[WhiteElo "1770"]
[BlackElo "1914"]
[PlyCount "74"]

1. d4 d5 2. c4 c6 3. Nf3 Nf6 4. cxd5 cxd5 5. Nc3 Nc6 6. Bf4 a6 7. a4 Qb6 8. Qd2
e6 9. e3 Ne4 10. Qc1 Bb4 11. Bd3 Qa5 12. Bxe4 dxe4 13. Nd2 f5 14. O-O O-O 15.
Nc4 Qd8 16. Rd1 Na5 17. Nxa5 Bxa5 18. Na2 Bd7 19. b4 Rc8 20. Qa3 Qe7 21. Qb3
Bb6 22. Nc3 Kh8 23. Qb2 Rfd8 24. d5 Qf6 25. a5 Ba7 26. dxe6 Bxe6 27. Rxd8+ Rxd8
28. Qa3 Bc4 29. h3 h6 30. Rd1 Rd3 31. Rc1 Kh7 32. g4 Be6 33. Qa1 Qh4 34. Kg2
fxg4 35. hxg4 Bxg4 36. Kg1 Bf3 37. Bh2 Qh3 0-1

[Event "Championnat de France - Open B"]
[Site "VAL D ISERE"]
[Date "????.??.??"]
[Round "4.1"]
[White "Blot, David"]
[Black "Bassard, Edouard"]
[Result "1/2-1/2"]
[WhiteElo "1960"]
[BlackElo "1882"]
[PlyCount "57"]

1. e4 c5 2. c3 Nf6 3. e5 Nd5 4. d4 cxd4 5. Bc4 Nb6 6. Bb3 Nc6 7. cxd4 d6 8.
exd6 Qxd6 9. Be3 Be6 10. Bxe6 Qxe6 11. Nc3 Nd5 12. Nxd5 Qxd5 13. Nf3 e6 14. O-O
Be7 15. Qe2 Rc8 16. a3 O-O 17. Rac1 Bf6 18. Rfd1 Nxd4 19. Nxd4 Rxc1 20. Rxc1
Bxd4 21. Rd1 e5 22. Qg4 f5 23. Qh5 g6 24. Qe2 Rc8 25. Bxd4 exd4 26. Qe7 d3 27.
h3 d2 28. Rxd2 Qxd2 29. Qe6+ 1/2-1/2

[Event "Championnat de France - Open B"]
[Site "VAL D ISERE"]
[Date "????.??.??"]
[Round "4.2"]
[White "Marchand, Raphael"]
[Black "Wagner, Bruno"]
[Result "1-0"]
[WhiteElo "1870"]
[BlackElo "1959"]
[PlyCount "61"]

1. e4 e5 2. f4 exf4 3. Nf3 Be7 4. Be2 Bh4+ 5. Kf1 Be7 6. d4 Nf6 7. Bxf4 Nxe4 8.
Bd3 d5 9. c4 c6 10. c5 Bf5 11. h3 O-O 12. g4 Bg6 13. Kg2 Nd7 14. Na3 f5 15. Be3
Bh4 16. Qc2 fxg4 17. hxg4 Rxf3 18. Kxf3 Qf6+ 19. Kg2 Rf8 20. Raf1 Bf2 21. Rh3
Qe6 22. Qe2 Qf6 23. Bb1 Re8 24. Bxf2 Ng5 25. Qd1 Nxh3 26. Kxh3 Be4 27. Bh4 Qh6
28. g5 Qe6+ 29. Kg3 h6 30. Qg4 Qe7 31. gxh6 1-0

[Event "Championnat de France - Open B"]
[Site "VAL D ISERE"]
[Date "????.??.??"]
[Round "4.3"]
[White "Babakan, Kouros"]
[Black "Przymusinski, Nicolas"]
[Result "0-1"]
[WhiteElo "1790"]
[BlackElo "1948"]
[PlyCount "68"]

1. e4 c5 2. Nf3 Nc6 3. d4 cxd4 4. Nxd4 Nf6 5. Nc3 e5 6. Nf5 d5 7. exd5 Bxf5 8.
dxc6 bxc6 9. Qxd8+ Rxd8 10. Be3 Bb4 11. Bc4 Nd5 12. O-O-O Nxe3 13. Rxd8+ Kxd8
14. fxe3 Bxc3 15. bxc3 Ke7 16. Rf1 Be6 17. Bb3 Rd8 18. Rd1 Rxd1+ 19. Kxd1 g5
20. Ke2 f5 21. Kf3 Kf6 22. Kg3 f4+ 23. exf4 gxf4+ 24. Kf3 Bd5+ 25. Bxd5 cxd5
26. c4 dxc4 27. Ke4 h5 28. Kd5 Kf5 29. Kxc4 Ke4 30. Kb5 h4 31. h3 Kd5 32. c4+
Kd6 33. c5+ Kc7 34. c6 e4 0-1

[Event "Championnat de France - Open B"]
[Site "VAL D ISERE"]
[Date "????.??.??"]
[Round "4.4"]
[White "Marie, Laurent"]
[Black "Prodhomme, Boris"]
[Result "0-1"]
[WhiteElo "1944"]
[BlackElo "1870"]
[PlyCount "60"]

1. e4 c5 2. d3 d6 3. g3 g6 4. Bg2 Bg7 5. f4 Nc6 6. Nf3 e6 7. O-O Nge7 8. c3 O-O
9. Be3 Rb8 10. Bf2 b6 11. Re1 Bb7 12. Na3 b5 13. e5 Ba6 14. Nc2 b4 15. c4 dxe5
16. fxe5 Qa5 17. h4 Rfd8 18. Qe2 Rd7 19. g4 Rbd8 20. Red1 Bb7 21. h5 gxh5 22.
gxh5 Nf5 23. Bh3 Nce7 24. Nh4 Qc7 25. Nxf5 Nxf5 26. Bxf5 exf5 27. e6 Qc6 28.
exf7+ Kxf7 29. Be3 Be5 30. Rf1 Rg8+ 0-1

[Event "Championnat de France - Open B"]
[Site "VAL D ISERE"]
[Date "????.??.??"]
[Round "4.5"]
[White "Aubry, Fabien"]
[Black "Caron, Sebastien"]
[Result "1-0"]
[WhiteElo "1914"]
[BlackElo "1790"]
[PlyCount "61"]

1. d4 Nf6 2. Nf3 g6 3. c4 Bg7 4. Nc3 d5 5. cxd5 Nxd5 6. Bd2 Bf5 7. Qb3 Nb6 8.
e4 Bd7 9. Be2 Nc6 10. Be3 O-O 11. h3 e5 12. Rd1 exd4 13. Nxd4 Qe7 14. O-O Na5
15. Qc2 Nac4 16. Bf4 c5 17. Ndb5 Be5 18. Bxe5 Nxe5 19. Nc7 Rac8 20. N7d5 Nxd5
21. Nxd5 Qd8 22. f4 Nc6 23. Qxc5 Qh4 24. Qc3 f6 25. Nxf6+ Rxf6 26. Rxd7 Re8 27.
Bc4+ Kh8 28. e5 Rff8 29. Rxb7 Nxe5 30. fxe5 Rxf1+ 31. Bxf1 1-0

[Event "Championnat de France - Open B"]
[Site "VAL D ISERE"]
[Date "????.??.??"]
[Round "4.6"]
[White "Guillet, Julien"]
[Black "Bornhauser, Eric"]
[Result "1-0"]
[WhiteElo "1780"]
[BlackElo "1910"]
[PlyCount "67"]

1. e4 c5 2. Nf3 d6 3. d4 cxd4 4. Nxd4 Nf6 5. Nc3 Nc6 6. Be2 e6 7. O-O Be7 8.
Be3 O-O 9. Nb3 a6 10. f4 Qc7 11. Qe1 b5 12. a3 Bb7 13. Qg3 b4 14. axb4 Nxb4 15.
Bd3 Rab8 16. Bd2 Nxd3 17. Qxd3 Rfd8 18. f5 e5 19. Nd5 Nxd5 20. exd5 Bf6 21. Ba5
Qc8 22. Bxd8 Qxd8 23. Kh1 e4 24. Qxe4 Bxb2 25. Rae1 Be5 26. Nd4 f6 27. Nc6 Bxc6
28. dxc6 d5 29. Qa4 a5 30. Rd1 Rb4 31. Qa2 Rb2 32. Rxd5 Rxa2 33. Rxd8+ Kf7 34.
Rfd1 1-0

[Event "Championnat de France - Open B"]
[Site "VAL D ISERE"]
[Date "????.??.??"]
[Round "4.7"]
[White "Forest, Eric"]
[Black "Le Roc'H, Daniel"]
[Result "1-0"]
[WhiteElo "1700"]
[BlackElo "1965"]
[PlyCount "117"]

1. e4 e5 2. Nf3 Nc6 3. Bc4 Nf6 4. d3 Bc5 5. O-O d6 6. Nc3 Bg4 7. h3 Bh5 8. Bg5
h6 9. Be3 Nd4 10. g4 Bg6 11. Nd5 c6 12. Nxf6+ Qxf6 13. Nxd4 exd4 14. Bd2 Qh4
15. Kg2 a5 16. a3 b5 17. Bb3 Bb6 18. Bf4 Kd7 19. Bg3 Qe7 20. Qd2 h5 21. g5 f6
22. f4 h4 23. Bh2 f5 24. Rae1 fxe4 25. dxe4 Bxe4+ 26. Rf3 Bxf3+ 27. Kxf3 Qf8
28. Be6+ Kc7 29. f5 Kb7 30. Qf4 d5 31. g6 Qd8 32. Qe5 Qf8 33. Kg4 Ka6 34. Qd6
Qxd6 35. Bxd6 Bd8 36. Be5 Bf6 37. Bxf6 gxf6 38. Bf7 b4 39. a4 b3 40. cxb3 Rhb8
41. Re6 Rxb3 42. Rxf6 Kb7 43. Re6 Rxb2 44. f6 d3 45. Re1 Re2 46. Rd1 d2 47. g7
Kb6 48. Kh5 c5 49. Kh6 Rf2 50. g8=Q Rxf6+ 51. Kg5 Rxg8+ 52. Bxg8 Rf2 53. Bxd5
Kc7 54. Kxh4 Kd6 55. Kg3 Re2 56. Bf3 Re3 57. Rxd2+ Ke5 58. Rd5+ Ke6 59. Rxc5
1-0

[Event "Championnat de France - Open B"]
[Site "VAL D ISERE"]
[Date "????.??.??"]
[Round "4.8"]
[White "Bessat, Remy"]
[Black "Ferrieres, Sylvain"]
[Result "1-0"]
[WhiteElo "1958"]
[BlackElo "1840"]
[PlyCount "107"]

1. d4 Nf6 2. c4 g6 3. Nc3 d5 4. cxd5 Nxd5 5. e4 Nxc3 6. bxc3 Bg7 7. Bc4 O-O 8.
Ne2 c5 9. Be3 Nc6 10. O-O Bg4 11. f3 Na5 12. Bxf7+ Rxf7 13. fxg4 Rxf1+ 14. Kxf1
cxd4 15. cxd4 Qb6 16. Rc1 e5 17. Qd2 exd4 18. Bxd4 Bxd4 19. Qxd4 Qxd4 20. Nxd4
Rd8 21. Nf3 Nc6 22. Ke2 Nd4+ 23. Ke3 Ne6 24. g5 Kf7 25. h4 b6 26. Ne5+ Kf8 27.
Rf1+ Kg8 28. Rf7 a6 29. Rb7 b5 30. Ng4 Rd3+ 31. Kxd3 Nc5+ 32. Kd4 Nxb7 33. Kd5
b4 34. Kc4 a5 35. Kb5 Kf7 36. Ne5+ Ke6 37. Nc4 Kd7 38. g4 Ke6 39. Kb6 Nd6 40.
Nxd6 a4 41. Nc4 a3 42. Nd2 Ke5 43. Kc5 b3 44. Nxb3 Kxe4 45. Kb4 Kf4 46. Kxa3
Kxg4 47. Kb4 Kxh4 48. a4 Kxg5 49. a5 Kh4 50. a6 g5 51. a7 g4 52. a8=Q g3 53.
Nc1 h5 54. Qg2 1-0

[Event "Championnat de France - Open B"]
[Site "VAL D ISERE"]
[Date "????.??.??"]
[Round "4.9"]
[White "Roos, Eliane"]
[Black "Delaruelle, Christian"]
[Result "0-1"]
[WhiteElo "1830"]
[BlackElo "1950"]
[PlyCount "68"]

1. d4 d5 2. c4 Nc6 3. cxd5 Qxd5 4. Nf3 e5 5. Nc3 Bb4 6. Bd2 Bxc3 7. Bxc3 e4 8.
Ne5 Nge7 9. e3 Nxe5 10. dxe5 O-O 11. Qa4 Bd7 12. Qd4 Rad8 13. Bc4 Qc6 14. e6
Nf5 15. exf7+ Kh8 16. Qd5 Qg6 17. O-O-O Nd6 18. Bb4 Bc6 19. Qe6 Qg5 20. Bxd6
cxd6 21. Rxd6 Rc8 22. Kb1 Qxg2 23. Rhd1 Qxf2 24. Qe7 Qxe3 25. Be6 Rb8 26. Qc7
Qc5 27. R6d5 Qb4 28. R5d4 Qc5 29. Rd5 Qb4 30. a3 Bxd5 31. axb4 Bxe6 32. Qe7 Bb3
33. Rd7 Bxf7 34. Qc5 Bg6 0-1

[Event "Championnat de France - Open B"]
[Site "VAL D ISERE"]
[Date "????.??.??"]
[Round "4.10"]
[White "Adamus, Jeremy"]
[Black "Mestdagh, Franck"]
[Result "1/2-1/2"]
[WhiteElo "1800"]
[BlackElo "1944"]
[PlyCount "95"]

1. d4 Nf6 2. c4 g6 3. Nf3 Bg7 4. Bg5 d6 5. e3 O-O 6. Nc3 c6 7. Be2 Nbd7 8. O-O
Re8 9. Rc1 Qc7 10. a3 e5 11. dxe5 dxe5 12. b4 Nf8 13. Qb3 Bf5 14. Rfd1 Rad8 15.
Rxd8 Rxd8 16. Rd1 Ne6 17. Bh4 Rxd1+ 18. Qxd1 Ne4 19. Nxe4 Bxe4 20. Nd2 g5 21.
Nxe4 gxh4 22. Bg4 Nd8 23. Qd6 Qxd6 24. Nxd6 Bf8 25. Nf5 a5 26. c5 axb4 27. axb4
b6 28. cxb6 Bxb4 29. Nxh4 Bc5 30. Kf1 Bxb6 31. Ke2 c5 32. Kd3 Nc6 33. Kc4 Ne7
34. Nf3 f6 35. Nd2 Kf7 36. Nb3 f5 37. Bh5+ Kf6 38. Nxc5 Bxc5 39. Kxc5 Ke6 40.
h3 Ng8 41. Be2 Nf6 42. Bc4+ Kd7 43. f3 Ke7 44. Kc6 f4 45. exf4 exf4 46. Kc5 Nh5
47. Kd4 Kf6 48. h4 1/2-1/2

[Event "Championnat de France - Open B"]
[Site "VAL D ISERE"]
[Date "????.??.??"]
[Round "4.14"]
[White "Giraud, Sylvain"]
[Black "Deleva, Mathias"]
[Result "1-0"]
[WhiteElo "1850"]
[BlackElo "1750"]
[PlyCount "75"]

1. e4 e6 2. d4 d5 3. exd5 exd5 4. Bd3 Nf6 5. Ne2 c5 6. c3 Nc6 7. O-O Be7 8. Re1
O-O 9. Nd2 a5 10. Nf1 b5 11. Be3 Qb6 12. Qd2 Re8 13. f3 Bd7 14. Kh1 b4 15. Rac1
a4 16. Bb1 Rab8 17. c4 cxd4 18. Nxd4 dxc4 19. Ne6 Qb7 20. Nxg7 Kxg7 21. Bh6+
Kh8 22. Rxe7 Rxe7 23. Qg5 Ne8 24. Bf8 f6 25. Qh5 Be6 26. Bxe7 Qxe7 27. Re1 Qf7
28. Qh4 Nc7 29. Ng3 Ne5 30. Nh5 Nd3 31. Nxf6 Rf8 32. Ne4 Qf4 33. Qe7 Bh3 34.
Ng5 Bxg2+ 35. Kxg2 Qd2+ 36. Re2 Nf4+ 37. Kh1 Qc1+ 38. Re1 1-0

[Event "Championnat de France - Open B"]
[Site "VAL D ISERE"]
[Date "????.??.??"]
[Round "5.1"]
[White "Przymusinski, Nicolas"]
[Black "Guillet, Julien"]
[Result "1-0"]
[WhiteElo "1948"]
[BlackElo "1780"]
[PlyCount "99"]

1. e4 c5 2. Nf3 Nc6 3. Bb5 g6 4. O-O Bg7 5. Re1 e5 6. Bxc6 dxc6 7. h3 Ne7 8. d3
O-O 9. Nbd2 Qc7 10. Nc4 Be6 11. Qe2 Rad8 12. a4 Nc8 13. Be3 b6 14. a5 Rd7 15.
b3 f5 16. axb6 axb6 17. Bc1 fxe4 18. dxe4 Rdf7 19. Kh2 Nd6 20. Nxd6 Qxd6 21.
Be3 Bc8 22. Ng5 Rf6 23. Ra7 h6 24. Qc4+ Be6 25. Nxe6 Qxe6 26. Qxe6+ Rxe6 27.
Rd1 Rb8 28. Rdd7 Bf8 29. Kg3 g5 30. Kg4 Rbe8 31. h4 gxh4 32. Kxh4 Rg6 33. g3
Ree6 34. Kh5 Rgf6 35. Rh7 Rg6 36. Rhd7 Rgf6 37. Rab7 b5 38. c4 bxc4 39. bxc4
Re8 40. Ra7 Rb8 41. Rdb7 Rd8 42. Ra1 Rd3 43. Rb8 Kh7 44. Ra7+ Bg7 45. Bxc5 Rg6
46. Kh4 Rc3 47. Bf8 Rxc4 48. f3 Rc3 49. Rbb7 Rxf3 50. Bxg7 1-0

[Event "Championnat de France - Open B"]
[Site "VAL D ISERE"]
[Date "????.??.??"]
[Round "5.2"]
[White "Prodhomme, Boris"]
[Black "Aubry, Fabien"]
[Result "1/2-1/2"]
[WhiteElo "1870"]
[BlackElo "1914"]
[PlyCount "82"]

1. d4 d5 2. c4 c6 3. Nf3 Nf6 4. Nc3 a6 5. cxd5 cxd5 6. Bg5 Ne4 7. Bh4 Nc6 8. e3
Qa5 9. Qb3 e6 10. Rc1 Bd7 11. Be2 Nxc3 12. bxc3 Bd6 13. O-O b5 14. Nd2 O-O 15.
Bg3 Bxg3 16. hxg3 Qc7 17. Qc2 Na5 18. Nb3 Nxb3 19. Qxb3 Rfc8 20. Rc2 Rab8 21.
Rfc1 Rb6 22. Kf1 Qd8 23. Qb4 Rbc6 24. Qa3 Qg5 25. Qa5 h5 26. Kg1 h4 27. g4 e5
28. dxe5 Bxg4 29. f4 Qh5 30. Bxg4 Qxg4 31. Qb4 Qg3 32. Qd4 h3 33. Qd2 Qh4 34.
Qxd5 Rg6 35. Qf3 Rcc6 36. f5 Rxg2+ 37. Rxg2 hxg2 38. Qxg2 Rc4 39. Kf1 Rg4 40.
Qa8+ Kh7 41. Ke2 Qh5 1/2-1/2